000 00867cab a2200253 4500
001 WB3326-40
008 090401t1997 xxu||||| |||| 00| 0 eng d
035 _a(Sirsi) u79365
041 _aeng
245 _aEstate agents take on solicitors
260 _c1997
350 _a0
490 _aSunday Times
_v29 June 1997, 4.6
490 _aLaw Society`s Gazette
_v94(25) 25 June 1997, 5(2)
520 _aHambro Countrywide, the estate agents, has opened a conveyancing division and expects to be handling more conveyancing transactions than any firm within 12 months. They are charging a flat fee of £350 for conveyancing work.
650 _aCONVEYANCING CENTRES
650 _aCONVEYANCING
650 _aESTATE AGENTS
650 _aFLAT FEE
650 _aHAMBRO COUNTRYWIDE
690 _aPROPERTY LAW AND PRACTICE
942 _n0
948 _c01/07/1997
999 _c49883
_d49883